Southville International School and Colleges
Your cart is empty.
  • Cart
  • Lists
    Public lists Eva Luna New books Lux_list list_1
    Your lists Log in to create your own lists
  • Log in to your account
  • Your cookies
  • Search history
Southville International School and Colleges
  • Advanced search
  • Recent comments
  • Most popular
  • Libraries

Log in to your account

Log in with GOOGLE


If you do not have an external account, but do have a local account, you can still log in:

  1. Home
  2. MARC view: The light at Tern Rock /
Normal view MARC view ISBD view

The light at Tern Rock / (Record no. 34654)

[ view plain ]
MARC details
000 -LEADER
fixed length control field 01130pam a2200349 a 4500
001 - CONTROL NUMBER
control field 4889390
003 - CONTROL NUMBER IDENTIFIER
control field OSt
005 - DATE AND TIME OF LATEST TRANSACTION
control field 20140310184455.0
008 - FIXED-LENGTH DATA ELEMENTS--GENERAL INFORMATION
fixed length control field 930820r19941951nyua j 000 1 eng
010 ## - LIBRARY OF CONGRESS CONTROL NUMBER
LC control number 93036242
020 ## - INTERNATIONAL STANDARD BOOK NUMBER
International Standard Book Number 0590481886
Terms of availability $3.99 ($4.99 Can.)
040 ## - CATALOGING SOURCE
Original cataloging agency DLC
Transcribing agency DLC
Modifying agency DLC
042 ## - AUTHENTICATION CODE
Authentication code lcac
050 00 - LIBRARY OF CONGRESS CALL NUMBER
Classification number PZ 7
Item number .Sa25Li 1951
100 1# - MAIN ENTRY--PERSONAL NAME
Personal name Sauer, Julia L.
Fuller form of name (Julia Lina),
Dates associated with a name 1891-
9 (RLIN) 28341
240 10 - UNIFORM TITLE
Uniform title <a href="Light at Christmas">Light at Christmas</a>
245 14 - TITLE STATEMENT
Title The light at Tern Rock /
Statement of responsibility, etc Julia L. Sauer ; illustrated by Georges Schreiber.
260 ## - PUBLICATION, DISTRIBUTION, ETC. (IMPRINT)
Place of publication, distribution, etc U.S.A. :
Name of publisher, distributor, etc Puffin Books,
Date of publication, distribution, etc 1951.
300 ## - PHYSICAL DESCRIPTION
Extent 62 p. :
Other physical details ill. ;
Dimensions 19 cm.
490 0# - SERIES STATEMENT
Series statement Puffin Newberry library
521 1# - TARGET AUDIENCE NOTE
Target audience note
526 ## - STUDY PROGRAM INFORMATION NOTE
Reading level 820
650 #1 - SUBJECT ADDED ENTRY--TOPICAL TERM
Topical term or geographic name as entry element Lighthouses
General subdivision Fiction.
9 (RLIN) 28342
650 #1 - SUBJECT ADDED ENTRY--TOPICAL TERM
Topical term or geographic name as entry element Christmas
General subdivision Fiction.
9 (RLIN) 28343
700 1# - ADDED ENTRY--PERSONAL NAME
Personal name Schreiber, Georges,
Relator term ill.
9 (RLIN) 28344
906 ## - LOCAL DATA ELEMENT F, LDF (RLIN)
a 7
b cbc
c orignew
d 1
e ocip
f 19
g y-gencatlg
942 ## - ADDED ENTRY ELEMENTS (KOHA)
Source of classification or shelving scheme Library of Congress Classification
Koha item type
Holdings
Withdrawn status Lost status Source of classification or shelving scheme Damaged status Home library Current library Shelving location Date acquired Total Checkouts Full call number Barcode Date last seen Copy number Price effective from Koha item type
    Library of Congress Classification   Luxembourg Library Luxembourg Library Scholastic Reading Center Section 10/11/2013   PZ 7 .Sa25Li 1951 LEX1070 04/18/2017 1 10/11/2013 Books
    Library of Congress Classification   Luxembourg Library Luxembourg Library Scholastic Reading Center Section 10/16/2013   PZ 7 .Sa25Li 1951 SCHO0675 04/18/2017 2 10/16/2013 Books
    Library of Congress Classification   Luxembourg Library Luxembourg Library Scholastic Reading Center Section 10/16/2013   PZ 7 .Sa25Li 1951 SCHO0654 04/18/2017 3 10/16/2013 Books

The light at Tern Rock /

APA

Sauer J. L., Schreiber G., . (1951). The light at Tern Rock. U.S.A: Puffin Books.

Chicago

Sauer Julia L, Schreiber Georges, . 1951. The light at Tern Rock. U.S.A: Puffin Books.

Harvard

Sauer J. L., Schreiber G., . (1951). The light at Tern Rock. U.S.A: Puffin Books.

MLA

Sauer Julia L, Schreiber Georges, . The light at Tern Rock. U.S.A: Puffin Books. 1951.

  • Place hold
  • Print
  • Cite
  • Add to your cart (remove)
  • Save record
    BIBTEX Dublin Core MARCXML MARC (non-Unicode/MARC-8) MARC (Unicode/UTF-8) MARC (Unicode/UTF-8, Standard) MODS (XML) RIS
  • More searches
    Search for this title in:
    Other Libraries (WorldCat) Other Databases (Google Scholar) Online Stores (Bookfinder.com) Open Library (openlibrary.org)

Exporting to Dublin Core...

SOUTHVILLE LIBRARY

Southville International School and Colleges Library

1281 Tropical Ave. Cor. Luxembourg St., BF Homes International, Las Pinas City

Tel. No. 8256374 / 252358 Loc. 117/146

Powered by Koha